La Seguridad Social, una octogenaria llena de vida (notice n° 1571842)
[ vue normale ]
| 000 -LEADER | |
|---|---|
| fixed length control field | 00714cam a2200157 4500500 |
| 005 - DATE AND TIME OF LATEST TRANSACTION | |
| control field | 20251214021154.0 |
| 041 ## - LANGUAGE CODE | |
| Language code of text/sound track or separate title | fre |
| 042 ## - AUTHENTICATION CODE | |
| Authentication code | dc |
| 100 10 - MAIN ENTRY--PERSONAL NAME | |
| Personal name | Lenoir, Daniel |
| Relator term | author |
| 245 00 - TITLE STATEMENT | |
| Title | La Seguridad Social, una octogenaria llena de vida |
| 260 ## - PUBLICATION, DISTRIBUTION, ETC. | |
| Date of publication, distribution, etc. | 2025.<br/> |
| 500 ## - GENERAL NOTE | |
| General note | 69 |
| 520 ## - SUMMARY, ETC. | |
| Summary, etc. | Mientras celebramos los ochenta años de la Seguridad Social en Francia, un inspector general de asuntos sociales recuerda los objetivos fijados por el Consejo Nacional de la Resistencia y describe los retos a los que se enfrenta hoy en día. |
| 786 0# - DATA SOURCE ENTRY | |
| Note | Esprit | Octobre | 10 | 2025-10-21 | p. 25-29 | 0014-0759 |
| 856 41 - ELECTRONIC LOCATION AND ACCESS | |
| Uniform Resource Identifier | <a href="https://shs.cairn.info/revista-esprit-2025-10-page-25?lang=es&redirect-ssocas=7080">https://shs.cairn.info/revista-esprit-2025-10-page-25?lang=es&redirect-ssocas=7080</a> |
Pas d'exemplaire disponible.




Réseaux sociaux